Experimentálny výskum kapilárneho vzlínania v poľnohospodárskych pôdach

Na minha lista:
Detalhes bibliográficos
Autor principal: Gavenčiak, Štefan
Formato: Livro
Idioma:eslovaco
Publicado em: Bratislava Výskumný ústav vod. hosp. 1985
Edição:1. vyd.
Colecção:Veda a výskum praxi č. 73
Tags: Adicionar Tag
Sem tags, seja o primeiro a adicionar uma tag!

MARC

LEADER 00000nam a2200000 4500
001 c023235
005 20221220075345.1
041 0 |a slo 
044 |a SK 
245 1 0 |a Experimentálny výskum kapilárneho vzlínania v poľnohospodárskych pôdach  |c Štefan Gavenčiak 
250 |a 1. vyd. 
264 1 |a Bratislava  |b Výskumný ústav vod. hosp.  |c 1985 
300 |a 53 s. 
490 1 |a Veda a výskum praxi  |v č. 73 
830 0 |a Veda a výskum praxi  |v č. 73 
100 1 |a Gavenčiak, Štefan